Every Hunger Games Movie by the Picture - Statistics

General Stats
  • This quiz has been taken 37 times
    36 since last reset
  • The average score is 3 of 6
Answer Stats
Picture Answer % Correct
catching fire
100%
hunger games
83%
sunrise on the reaping
67%
mockingjay part one
30%
mockingjay part two
30%
songbirds and snakes
20%
No matching quizzes found
Score Distribution
Percent of People with Each Score
Percentile by Number Answered
Your Score History
You have not taken this quiz since the last reset